| 000 | 00542nam a2200145Ia 4500 | ||
|---|---|---|---|
| 008 | 090124s9999 xx 000 0 und d | ||
| 082 |
_b133434 _a101942 |
||
| 245 | _a ज्येष्ठ नागरिकांचा सुख सोबती | ||
| 250 | _a1 | ||
| 260 |
_bभागवत वि. गो. _c2005 |
||
| 300 | _a208 | ||
| 630 | _a ज्येष्ठ नागरिकांचा सुख सोबती | ||
| 730 | _a ज्येष्ठ नागरिकांचा सुख सोबती | ||
| 942 | _cBOOK | ||
| 999 |
_c179669 _d179669 |
||